1956 1694 1093 1768 1762 1884 1654 1751 1428 1135 1391 1260 1436 1111 1348 1575 1201 1211 1403 1857 1150 1812 1078 1907 1621 1250 1729 1898 1437 1339 1535 1088 1183 1030 1279 1751 1627 1233 1124 1212 1183 1758 1974 1076 1665 1196 1330 1936 1585 1099 1853 1293 1412 1185 1667 1282 1862 1761 1696 1246 1253 1559 1728 1096 1461 1177 1044 1795 1997 1994 1378 1513 1315 1075 1110 1370 1764 1947 1425 1806 1237 1200 1453 1739 1975 1112 1007 1593 1899 1333 1990 1373 1633 1245 1361 1944 1033 1882 1138 BCNSPRNW ULIB Ver.6.0+V

เปลี่ยนเป็นภาษาไทย

Change to English
 แสดงรายละเอียดบรรณานุกรม
  กลับหน้าหลัก

Brief Record : Get Marc (ISO 2709) : E-mail record : QR code < ปิดหน้าต่าง
LEADER : 00000nam 2200000uu 4500
001    13399114030
003     ULIB
008    110719s||||||||th 000 0 tha d
020    9789748418650
099    นว.^bอ886ส 2550
100 1  โยชิคาวะ, เอจิ
245 10 สามก๊ก 1 คำสาบานในสวนท้อ/^cเอจิ โยชิคาวะ, เรื่อง ; จัน สัมฤทธิ์, แปล
250    พิมพ์ครั้งที่ 1
260    กรุงเทพฯ :^bอมรินทร์คอมมิกส์,^c2550
505 0  ล. 2. ขอพบสามหน -- ล. 3. ศึกผาแดง
650  4 สามก๊ก^xการ์ตูน
650  4 วรรณกรรมสำหรับเด็ก
650  4 วรรณกรรมจีน^xการ์ตูน
651  4 จีน^xประวัติศาสตร์^xการ์ตูน
700 0  จัน สัมฤทธิ์
945    ^p149^l0^i022049
995    ทศพร
999 ^a ใช้งานได้ทุกระบบ
รายการนี้ยังไม่มีแท็ก
คุณยังไม่ได้ล็อกอิน คุณสามารถมีกิจกรรมร่วมกับเว็บไซต์ได้ แต่ต้องล็อกอินก่อน ::
  ล็อกอิน

รายการสื่อสารสนเทศ

ลำดับที่ ประเภท เลขเรียก/บาร์โค้ด สถานที่ สถานะ
1. นวนิยาย
นวนิยาย
นว. อ886ส 2550 ฉ.1 
  Barcode: 022049
ห้องสมุดวิทยาเขตสวรรค์ประชารักษ์
►นวนิยาย
บนชั้น
  ขอยืม

รายการใกล้เคียง
    ผู้แต่ง [โยชิคาวะ, เอจิ]

    หัวเรื่อง [วรรณกรรมสำหรับเด็ก]

BibComment


ยังไม่เคยถูกคอมเมนท์

คอมเมนท์ทรัพยากรรายการนี้
  คอมเมนท์: สามก๊ก 1 คำสาบานใ..


 Copyright 2026. Bcnsprnw @Library